What is the meaning of the oft-used words 'vacant possession'? (Record no. 84191)
[ view plain ]
| 000 -LEADER | |
|---|---|
| fixed length control field | 01311cab a22002535a 4500 |
| 001 - CONTROL NUMBER | |
| control field | L156894 |
| 008 - FIXED-LENGTH DATA ELEMENTS--GENERAL INFORMATION | |
| fixed length control field | 120727s2012 xxk 000 0 eng d |
| 035 ## - SYSTEM CONTROL NUMBER | |
| System control number | (Sirsi) u156894 |
| 041 0# - LANGUAGE CODE | |
| Language code of text/sound track or separate title | eng |
| 100 1# - MAIN ENTRY--PERSONAL NAME | |
| Personal name | King, Vivien |
| 245 00 - TITLE STATEMENT | |
| Title | What is the meaning of the oft-used words 'vacant possession'? |
| 260 ## - PUBLICATION, DISTRIBUTION, ETC. | |
| Date of publication, distribution, etc. | 2012 |
| 490 #0 - SERIES STATEMENT | |
| Series statement | Journal of Building Survey, Appraisal & Valuation |
| Volume/sequential designation | 1(1), March 2012, 58-62(5) |
| 520 ## - SUMMARY, ETC. | |
| Summary, etc. | What do the words 'vacant possession' really mean and how does one know that the concept has been achieved? Looks at the important CA judgment "NYK Logistics (UK) Ltd v Ibrend Estates BV" [2011] EWCA Civ 683 (L154668) where CA took the opportunity to review previous case law relating to the meaning and effect of the phrase "vacant possession". The judges in this case have gone a long way to assist practitioners in determining what needs to be removed in order to deliver up vacant possession of property. |
| 590 ## - LOCAL NOTE (RLIN) | |
| Local note | KA |
| 650 24 - SUBJECT ADDED ENTRY--TOPICAL TERM | |
| Topical term or geographic name entry element | NYK LOGISTICS (UK) LTD v IBREND ESTATES BV |
| 650 24 - SUBJECT ADDED ENTRY--TOPICAL TERM | |
| Topical term or geographic name entry element | LYON V LONDON CITY & MIDLAND BANK |
| 650 24 - SUBJECT ADDED ENTRY--TOPICAL TERM | |
| Topical term or geographic name entry element | CUMBERLAND CONSOLIDATED HOLDINGS LTD V IRELAND |
| 650 24 - SUBJECT ADDED ENTRY--TOPICAL TERM | |
| Topical term or geographic name entry element | ROYAL BRITISH PERMANENT SOCIETY V BOMASH |
| 650 24 - SUBJECT ADDED ENTRY--TOPICAL TERM | |
| Topical term or geographic name entry element | ENGELL V FITCH |
| 651 #4 - SUBJECT ADDED ENTRY--GEOGRAPHIC NAME | |
| Geographic name | England and Wales |
| Chronological subdivision | 1543- |
| 690 ## - LOCAL SUBJECT ADDED ENTRY--TOPICAL TERM (OCLC, RLIN) | |
| Topical term or geographic name as entry element | Landlord and tenant |
| 9 (RLIN) | 6252 |
| 942 ## - ADDED ENTRY ELEMENTS (KOHA) | |
| Suppress in OPAC | 0 |
| Withdrawn status | Lost status | Source of classification or shelving scheme | Damaged status | Not for loan | Home library | Current library | Shelving location | Date acquired | Total Checkouts | Full call number | Barcode | Date last seen | Copy number | Price effective from | Koha item type |
|---|---|---|---|---|---|---|---|---|---|---|---|---|---|---|---|
| Dewey Decimal Classification | London | London | Journal article | 27/07/2012 | L156894 | 156894-1001 | 06/08/2019 | 1 | 06/08/2019 | Journal article |